Normal view
MARC view
Entry Personal Name
001 - CONTROL NUMBER
- control field: 12846
003 - CONTROL NUMBER IDENTIFIER
- control field: OSt
005 - DATE AND TIME OF LATEST TRANSACTION
- control field: 20190820132255.0
008 - FIXED-LENGTH DATA ELEMENTS
- fixed length control field: 190820|| aca||aabn | a|a d
040 ## - CATALOGING SOURCE
- Original cataloging agency: OSt
- Transcribing agency: OSt
100 ## - HEADING--PERSONAL NAME
- Personal name: Edited by Alexander Wood, Pamela Stedman-Edwards, and Johanna Mang.
670 ## - SOURCE DATA FOUND
- Source citation: Work cat.: (OSt)3540: Edited by Alexander Wood, Pamela Stedman-Edwards, and Johanna Mang., The Root causes of Biodiversity loss , 2000.
